000 00428nam a2200169Ia 4500
005 20250423100758.0
008 250422s9999 xx 000 0 und d
020 _a0-88389-051-8
050 _aF42.E7.M44V.9
100 _aMary G. Thresher
245 0 _aRecords And Files Of The Quarterly Courts Of Essex County
260 _aMassachusetts
260 _bESSEX Institute
260 _c1975
300 _a663 p
942 _cBK
999 _c34315
_d34315